000
00192nam a2200073Ia 4500
008
170523s9999 xx 000 0 und d
100
_a
Heywood- John B.
245
0
_a
Internal Combustion Enginne Fundamentals
260
_a
T.M.H.
999
_c
12109
_d
12109